Reply of the Government of Chile 1975
Na minha lista:
| Autor Corporativo: | |
|---|---|
| Formato: | Livro |
| Idioma: | inglês |
| Publicado em: |
Ginebra, Suiza
Presses de l'Imprimerie Atar S.A.
1975
|
| Colecção: | The Beagle Channel Arbitration.
|
| Assuntos: | |
| Tags: |
Adicionar Tag
Sem tags, seja o primeiro a adicionar uma tag!
|
MARC
| LEADER | 00000nam a2200000 a 4500 | ||
|---|---|---|---|
| 001 | UCJ7318 | ||
| 003 | CL-VaPUC | ||
| 005 | 20240607122437.0 | ||
| 008 | 070124e19750000SZ |||||||||||||||||eng|d | ||
| 999 | |c 323413 |d 323411 | ||
| 040 | |c Pontificia Universidad Católica de Valparaíso | ||
| 082 | 0 | 4 | |a 983.065 REP 1975 |2 21 |
| 110 | 2 | |a República de Chile |9 515620 | |
| 245 | 1 | 0 | |a Reply of the Government of Chile 1975 |
| 246 | 1 | 0 | |a Annexes N° 386-530 to the Reply of the Government of Chile 1975 |
| 246 | 1 | 0 | |a Supplementary Remarks concerning the Cartographical Evidence submitted with the Reply of the Government of Chile 1975 |
| 246 | 1 | 0 | |a Additional evidences submitted by the Government of Chile. Documents N§s 531 - 566. Plates N°s 207 - 213, 1976 |
| 260 | 0 | 3 | |a Ginebra, Suiza |b Presses de l'Imprimerie Atar S.A. |c 1975 |
| 300 | |a 4 volúmenes. | ||
| 490 | 0 | |a The Beagle Channel Arbitration. | |
| 500 | |a Cartografía del v. 4 conforme a lo señalado en índice | ||
| 583 | |a last modification |c 20070124 00:00:00 |k Rodrigo Vera | ||
| 650 | 0 | |a Límites con Argentina |9 504170 | |
| 650 | 0 | |a Tratados internacionales |9 256056 | |
| 650 | 0 | |a Arbitrajes internacionales |9 463132 | |
| 650 | 7 | |a DOCUMENTOS |2 CL-VaPUC |9 366450 | |
| 650 | 0 | |a Mapas |9 260844 | |
| 650 | 0 | |a Historia de Chile |9 265473 | |
| 651 | 0 | |a Argentina |9 254888 | |
| 942 | |c BK |2 ddc | ||
| 945 | |d 20070124 00:00:00 |a rinostro | ||
| 952 | |0 0 |1 0 |4 0 |6 983_065000000000000_REP_1975 |7 0 |8 X |9 402983 |a FDOBUD |b FDOBUD |d 2019-11-22 |h v.1 |i 1061461 |o 983.065 REP 1975 |p 1061461 |r 2019-11-22 |t 1 |w 2019-11-22 |y BK_X |k BUD | ||
| 952 | |0 0 |1 0 |4 0 |6 983_065000000000000_REP_1975 |7 0 |8 X |9 402984 |a FDOBUD |b FDOBUD |d 2019-11-22 |h v.2 |i 106147K |o 983.065 REP 1975 |p 106147K |r 2019-11-22 |t 1 |w 2019-11-22 |y BK_X |k BUD | ||
| 952 | |0 0 |1 0 |4 0 |6 983_065000000000000_REP_1975 |7 0 |8 X |9 402985 |a FDOBUD |b FDOBUD |d 2019-11-22 |h v.3 |i 1061496 |o 983.065 REP 1975 |p 1061496 |r 2019-11-22 |t 1 |w 2019-11-22 |y BK_X |k BUD | ||
| 952 | |0 0 |1 0 |4 0 |6 983_065000000000000_REP_1975 |7 0 |8 X |9 402986 |a FDOBUD |b FDOBUD |d 2019-11-22 |h v.4 |i 1061542 |o 983.065 REP 1975 |p 1061542 |r 2019-11-22 |t 1 |w 2019-11-22 |y BK_X |k BUD | ||